ბათუმის შოთა რუსთაველის სახელმწიფო უნივერსიტეტის ბიბლიოთეკა

Сборник задач к начальному курсу эконометрики (ბიბ.ჩანაწერი № 35074)

000 -LEADER
fixed length control field 00733nam a2200241Ia 4500
001 - CONTROL NUMBER
control field 915
003 - CONTROL NUMBER IDENTIFIER
control field GE_BSU
008 - FIXED-LENGTH DATA ELEMENTS--GENERAL INFORMATION
fixed length control field 181216s||||||||xx |||||||||||||| ||und||
020 ## - INTERNATIONAL STANDARD BOOK NUMBER
International Standard Book Number 577490137
040 ## - CATALOGING SOURCE
Transcribing agency GE_BSU
080 ## - UNIVERSAL DECIMAL CLASSIFICATION NUMBER
Universal Decimal Classification number 330.43(075.8)
100 ## - MAIN ENTRY--PERSONAL NAME
Personal name Катышев,П.К.;Матнус,Я.Р.;Пересецкий,А.А.
245 ## - TITLE STATEMENT
Title Сборник задач к начальному курсу эконометрики
250 ## - EDITION STATEMENT
Edition statement 3-е изд,испр.
260 ## - PUBLICATION, DISTRIBUTION, ETC.
Place of publication, distribution, etc. Москва
260 ## - PUBLICATION, DISTRIBUTION, ETC.
Name of publisher, distributor, etc. Дело
260 ## - PUBLICATION, DISTRIBUTION, ETC.
Date of publication, distribution, etc. 2003
300 ## - PHYSICAL DESCRIPTION
Extent 208стр.
653 ## - INDEX TERM--UNCONTROLLED
Uncontrolled term Сборник задач к начальному курсу эконометрики
653 ## - INDEX TERM--UNCONTROLLED
Uncontrolled term Эконометрика
942 ## - ADDED ENTRY ELEMENTS (KOHA)
Koha item type წიგნი
ეგზემპლარები
Withdrawn status Lost status Damaged status Not for loan Date acquired Barcode Date last seen Price effective from Koha item type
        2018-12-17 1067 2018-12-17 2018-12-17 წიგნი